000 00274nam a2200109Ia 4500
008 190914s9999||||xx |||||||||||||| ||und||
100 _aLexicon Publications
245 0 _aLexicon Universal Encyclopedia
260 _aNew York
_bLexicon P
_c498
300 _a2002
942 _cBK
999 _c9372
_d9372